[Event "LLucmajor Open 2014"]
[Site "LLucmajor ESP"]
[Date "2014.05.14"]
[Round "5.3"]
[White "Del Rio Angelis, Salvador Gabriel"]
[Black "Sumets, Andrey"]
[Result "0-1"]
[WhiteElo "2510"]
[BlackElo "2633"]
[PlyCount "64"]
[EventDate "2014.05.11"]
[EventType "swiss"]
[EventRounds "9"]
[EventCountry "ESP"]
[Source "lmi"]
[SourceDate "2014.05.11"]

1. d4 d5 2. c4 c6 3. Nf3 Nf6 4. e3 e6 5. b3 Bd6 6. Bb2 O-O 7. Bd3 b6 8. O-O Bb7
9. Nbd2 Qe7 10. Ne5 c5 11. a3 Rd8 12. f4 Nbd7 13. cxd5 Nxd5 14. Rf3 Nf8 15. Rh3
Rac8 16. Ne4 Bb8 17. Ng5 f5 18. Ngf7 cxd4 19. Nxd8 Rxd8 20. Bxd4 Nxf4 21. exf4
Rxd4 22. Rc1 Qxa3 23. Nc6 Bxf4 24. Nxd4 Bxc1 25. Nxe6 Nxe6 26. Bc4 Bc8 27. b4
Be3+ 28. Kf1 Qc1 29. Qxc1 Bxc1 30. Rc3 Bf4 31. g3 Bd6 32. Rd3 Be7 0-1

[Event "LLucmajor Open 2014"]
[Site "LLucmajor ESP"]
[Date "2014.05.14"]
[Round "5.4"]
[White "Delchev, Aleksander"]
[Black "Arribas Lopez, Angel"]
[Result "1-0"]
[WhiteElo "2628"]
[BlackElo "2485"]
[PlyCount "101"]
[EventDate "2014.05.11"]
[EventType "swiss"]
[EventRounds "9"]
[EventCountry "ESP"]
[Source "lmi"]
[SourceDate "2014.05.11"]

1. Nf3 Nf6 2. c4 d6 3. d4 g6 4. Nc3 Bg7 5. e4 Bg4 6. Be2 O-O 7. Be3 Nfd7 8. d5
e5 9. h4 a5 10. Ng5 Bxe2 11. Qxe2 h6 12. Nf3 f5 13. g3 Nf6 14. h5 f4 15. gxf4
exf4 16. Bd2 Nxh5 17. O-O-O Nd7 18. Rdg1 Qf6 19. Nh4 f3 20. Qe3 Nf4 21. Qxf4
Qxf4 22. Bxf4 Rxf4 23. Nxg6 Rf7 24. Nh4 Kh7 25. Nf5 Ne5 26. b3 Nd3+ 27. Kc2
Nxf2 28. Rh2 Nxe4 29. Nxh6 Bxh6 30. Nxe4 Rg8 31. Rxh6+ Kxh6 32. Rxg8 f2 33. Nd2
f1=Q 34. Nxf1 Rxf1 35. Rc8 Rf7 36. Kb2 Kg5 37. Ka3 Kf5 38. Ka4 b6 39. Re8 Rh7
40. Re2 Kf4 41. Kb5 Kf3 42. Re8 Rh2 43. a3 Rh7 44. Kc6 Kf4 45. b4 axb4 46. axb4
Kf5 47. b5 Rh4 48. Kxc7 Rxc4+ 49. Kxb6 Rc5 50. Ka6 Rxd5 51. b6 1-0

[Event "LLucmajor Open 2014"]
[Site "LLucmajor ESP"]
[Date "2014.05.14"]
[Round "5.5"]
[White "Colovic, Aleksandar"]
[Black "Narciso Dublan, Marc"]
[Result "1/2-1/2"]
[WhiteElo "2479"]
[BlackElo "2533"]
[PlyCount "97"]
[EventDate "2014.05.11"]
[EventType "swiss"]
[EventRounds "9"]
[EventCountry "ESP"]
[Source "lmi"]
[SourceDate "2014.05.11"]

1. e4 e6 2. d4 d5 3. e5 c5 4. c3 Nc6 5. Nf3 Qb6 6. Be2 cxd4 7. cxd4 Nh6 8. Bd3
Nf5 9. Bxf5 exf5 10. O-O Be6 11. Nc3 h6 12. Na4 Qb5 13. Ne1 Bb4 14. b3 Rc8 15.
Be3 Bxe1 16. Rxe1 b6 17. Nc3 Qa5 18. Bd2 Qa6 19. a4 Nxd4 20. Rc1 O-O 21. Bxh6
Nxb3 22. Qxb3 gxh6 23. Nb5 Rxc1 24. Rxc1 Rc8 25. Ra1 Qa5 26. h3 a6 27. Nd4 Rc4
28. Qd1 Qc5 29. Nxe6 fxe6 30. Rb1 Rc2 31. Qf3 Rc1+ 32. Rxc1 Qxc1+ 33. Kh2 Qc7
34. Qe3 Kh7 35. f4 Qc5 36. Qg3 b5 37. axb5 axb5 38. Qh4 Qf8 39. Qf2 Qd8 40. Qc5
Qe8 41. g4 fxg4 42. hxg4 Kg8 43. f5 Qb8 44. Kh3 Qxe5 45. Qc8+ Kf7 46. Qd7+ Kf6
47. Qd8+ Kf7 48. Qd7+ Kf6 49. Qd8+ 1/2-1/2

[Event "LLucmajor Open 2014"]
[Site "LLucmajor ESP"]
[Date "2014.05.15"]
[Round "6.1"]
[White "Movsziszian, Karen"]
[Black "Fedorchuk, Sergey A"]
[Result "0-1"]
[WhiteElo "2503"]
[BlackElo "2638"]
[PlyCount "120"]
[EventDate "2014.05.11"]
[EventType "swiss"]
[EventRounds "9"]
[EventCountry "ESP"]
[Source "lmi"]
[SourceDate "2014.05.11"]

1. g3 e5 2. Bg2 d5 3. d3 c6 4. Nf3 Bd6 5. O-O Nf6 6. c4 h6 7. Nc3 d4 8. Ne4
Nxe4 9. dxe4 Be6 10. b3 O-O 11. c5 Bc7 12. e3 dxe3 13. Bxe3 Nd7 14. Nh4 Qe7 15.
Rc1 Nf6 16. h3 Rad8 17. Qf3 Ba5 18. Rc2 Bb4 19. Nf5 Bxf5 20. Qxf5 Nd7 21. Qg4
Kh7 22. Rfc1 Ba3 23. Rd1 Nxc5 24. Rf1 Kh8 25. Qh5 Nd7 26. h4 Kg8 27. Qg4 Nf6
28. Qf5 Rd3 29. Bf3 Nd7 30. Be2 Rd6 31. Qh5 b6 32. Kh2 Bc5 33. Bc1 Nf6 34. Qf5
Qe6 35. Qf3 Rfd8 36. g4 Rd4 37. g5 hxg5 38. Bxg5 Be7 39. Bc4 Qg4 40. Qxg4 Nxg4+
41. Kh3 Nf6 42. f3 Kf8 43. a4 Nh5 44. Be3 R4d6 45. Rg1 Rf6 46. Be2 Bc5 47.
Bxc5+ bxc5 48. Rg5 Nf4+ 49. Kg3 Re6 50. Bf1 f6 51. Rg4 Rd1 52. Be2 Rd4 53. Rxf4
exf4+ 54. Kxf4 Re5 55. Ba6 Rd1 56. Rh2 Rh5 57. Kg4 g6 58. Bc4 Rg1+ 59. Kf4
Rxh4+ 60. Rxh4 g5+ 0-1

[Event "LLucmajor Open 2014"]
[Site "LLucmajor ESP"]
[Date "2014.05.15"]
[Round "6.2"]
[White "Sumets, Andrey"]
[Black "Delchev, Aleksander"]
[Result "1/2-1/2"]
[WhiteElo "2633"]
[BlackElo "2628"]
[PlyCount "22"]
[EventDate "2014.05.11"]
[EventType "swiss"]
[EventRounds "9"]
[EventCountry "ESP"]
[Source "lmi"]
[SourceDate "2014.05.11"]

1. d4 Nf6 2. c4 e6 3. Nf3 Bb4+ 4. Bd2 Bxd2+ 5. Qxd2 d5 6. e3 O-O 7. Nc3 Qe7 8.
Rc1 Rd8 9. a3 dxc4 10. Bxc4 c5 11. O-O Nc6 1/2-1/2

[Event "LLucmajor Open 2014"]
[Site "LLucmajor ESP"]
[Date "2014.05.15"]
[Round "6.4"]
[White "Anton Guijarro, David"]
[Black "Colovic, Aleksandar"]
[Result "1-0"]
[WhiteElo "2626"]
[BlackElo "2479"]
[PlyCount "111"]
[EventDate "2014.05.11"]
[EventType "swiss"]
[EventRounds "9"]
[EventCountry "ESP"]
[Source "lmi"]
[SourceDate "2014.05.11"]

1. d4 d5 2. c4 dxc4 3. e4 b5 4. a4 c6 5. axb5 cxb5 6. Nc3 a6 7. Nxb5 axb5 8.
Rxa8 Bb7 9. Ra1 e6 10. f3 Nc6 11. Ne2 Nf6 12. Be3 Bb4+ 13. Kf2 Qb6 14. Qc1 Na5
15. d5 Qd6 16. Nd4 O-O 17. Nxb5 Qd7 18. Nd4 exd5 19. e5 Ne8 20. Qc2 Nc6 21.
Nxc6 Bxc6 22. Ra7 Qe6 23. Qd1 f6 24. exf6 Nxf6 25. Bd4 Bd7 26. Kg1 Qe7 27. Ra1
Bc5 28. Qd2 Nh5 29. Qf2 Bxd4 30. Qxd4 Nf4 31. h4 Kh8 32. Ra7 h6 33. Ra1 Bc6 34.
Kf2 Ne6 35. Qb6 Qd6 36. Re1 Nc5 37. Qa7 Ne4+ 38. Kg1 Qg3 39. Re2 Rxf3 40. Rh3
Rxf1+ 41. Kxf1 Qf4+ 42. Kg1 Qc1+ 43. Kh2 Qf4+ 44. Kg1 Qc1+ 45. Kh2 Qf4+ 46. g3
Qf1 47. Rg2 Qf5 48. Qb8+ Kh7 49. g4 Qf1 50. g5 hxg5 51. hxg5+ Kg6 52. Qe5 Qf5
53. Rh6+ gxh6 54. gxh6+ Ng5 55. Qxf5+ Kxf5 56. Rxg5+ 1-0

[Event "LLucmajor Open 2014"]
[Site "LLucmajor ESP"]
[Date "2014.05.15"]
[Round "6.5"]
[White "Skytte, Rasmus"]
[Black "Agdestein, Simen"]
[Result "0-1"]
[WhiteElo "2437"]
[BlackElo "2625"]
[PlyCount "78"]
[EventDate "2014.05.11"]
[EventType "swiss"]
[EventRounds "9"]
[EventCountry "ESP"]
[Source "lmi"]
[SourceDate "2014.05.11"]

1. d4 Nf6 2. c4 e6 3. Nf3 b6 4. g3 Ba6 5. Nbd2 Bb7 6. Bg2 Be7 7. O-O O-O 8. Re1
d5 9. cxd5 exd5 10. b3 Ne4 11. Bb2 f5 12. a3 Nd7 13. e3 Bd6 14. Ne5 Bxe5 15.
dxe5 Ndc5 16. Nf3 Ba6 17. Bf1 Bxf1 18. Rxf1 Ne6 19. Qc2 c5 20. Rad1 Qd7 21. Nh4
g6 22. Ng2 N4g5 23. f3 Rad8 24. h4 Nf7 25. h5 Nfg5 26. Nh4 Qg7 27. hxg6 hxg6
28. Rd2 Rf7 29. Rfd1 d4 30. exd4 cxd4 31. Bxd4 Nxd4 32. Rxd4 Rxd4 33. Rxd4 Qxe5
34. Rd8+ Kh7 35. Kg2 Ne6 36. Rd2 g5 37. Re2 Nd4 38. Rxe5 Nxc2 39. Nxf5 Rxf5 0-1

[Event "LLucmajor Open 2014"]
[Site "LLucmajor ESP"]
[Date "2014.05.15"]
[Round "6.6"]
[White "Solodovnichenko, Yuri"]
[Black "Galego, Luis"]
[Result "1-0"]
[WhiteElo "2574"]
[BlackElo "2462"]
[PlyCount "85"]
[EventDate "2014.05.11"]
[EventType "swiss"]
[EventRounds "9"]
[EventCountry "ESP"]
[Source "lmi"]
[SourceDate "2014.05.11"]

1. e4 c5 2. Nf3 e6 3. d4 cxd4 4. Nxd4 a6 5. Bd3 Qc7 6. O-O Nf6 7. Qe2 d6 8. c4
Nbd7 9. f4 Be7 10. Nc3 O-O 11. Be3 Re8 12. Rae1 Bf8 13. Bc2 g6 14. Ba4 Bg7 15.
Kh1 Rf8 16. Nf3 Nb6 17. Bb3 Nfd7 18. e5 dxe5 19. fxe5 Nc5 20. Bc2 Bd7 21. b3
Rac8 22. Bd4 Bc6 23. Ng5 Ncd7 24. Qe3 Qd8 25. Nce4 Bxe4 26. Nxe4 Nd5 27. cxd5
Rxc2 28. Nf6+ Nxf6 29. exf6 Qxd5 30. Rf3 Bh8 31. Rf2 Rxf2 32. Qxf2 Rd8 33. Be5
h5 34. h3 Qd3 35. Qb6 Qd5 36. Rc1 Qd2 37. Rf1 Qd5 38. Rc1 Qd2 39. Qc7 g5 40.
Kh2 h4 41. Rc4 Qd7 42. Qb6 Kh7 43. Rd4 1-0

[Event "LLucmajor Open 2014"]
[Site "LLucmajor ESP"]
[Date "2014.05.16"]
[Round "7.4"]
[White "Delchev, Aleksander"]
[Black "Andersen, Mads"]
[Result "1/2-1/2"]
[WhiteElo "2628"]
[BlackElo "2452"]
[PlyCount "58"]
[EventDate "2014.05.11"]
[EventType "swiss"]
[EventRounds "9"]
[EventCountry "ESP"]
[Source "lmi"]
[SourceDate "2014.05.11"]

1. d4 d5 2. c4 c6 3. Nc3 Nf6 4. cxd5 cxd5 5. Bf4 Nc6 6. e3 Bf5 7. Rc1 Rc8 8.
Nf3 e6 9. Qb3 Bb4 10. Bb5 Bxc3+ 11. Qxc3 a6 12. Be2 Ne4 13. Qa3 g5 14. Bg3 h5
15. h3 Nxg3 16. fxg3 Nxd4 17. Rxc8 Nxf3+ 18. gxf3 Qxc8 19. Kf2 Qc7 20. h4 gxh4
21. Rxh4 Rg8 22. Rf4 h4 23. gxh4 Bh3 24. Qc3 Rg2+ 25. Ke1 Qxc3+ 26. bxc3 Rg1+
27. Kf2 Rg2+ 28. Ke1 Rg1+ 29. Kf2 Rg2+ 1/2-1/2

[Event "LLucmajor Open 2014"]
[Site "LLucmajor ESP"]
[Date "2014.05.16"]
[Round "7.5"]
[White "Agdestein, Simen"]
[Black "Narciso Dublan, Marc"]
[Result "1-0"]
[WhiteElo "2625"]
[BlackElo "2533"]
[PlyCount "135"]
[EventDate "2014.05.11"]
[EventType "swiss"]
[EventRounds "9"]
[EventCountry "ESP"]
[Source "lmi"]
[SourceDate "2014.05.11"]

1. d4 e6 2. e4 d5 3. Nd2 c5 4. exd5 Qxd5 5. dxc5 Qxc5 6. Ngf3 Nf6 7. Bd3 Nbd7
8. O-O Qc7 9. Re1 Be7 10. Nd4 O-O 11. Nc4 b6 12. Nb5 Qc6 13. Ncd6 Ba6 14. Bf4
Nc5 15. Nd4 Qd7 16. Bxa6 Nxa6 17. Nc4 Rac8 18. Ne5 Qd5 19. Ndc6 Rfe8 20. Qe2
Nb4 21. c4 Qc5 22. Nxa7 Ra8 23. a3 Nc2 24. Qxc2 Rxa7 25. b4 Qc8 26. Qb3 Nd7 27.
Rad1 Rd8 28. Nf3 Qa8 29. Bc1 Bf6 30. Re3 Rc8 31. Red3 Qc6 32. Be3 Nf8 33. c5
bxc5 34. Bxc5 Rb7 35. Be3 Ra8 36. h3 h6 37. Rc1 Qe8 38. Rb1 Ng6 39. b5 Ne7 40.
Bd4 Bxd4 41. Nxd4 Qb8 42. a4 Qa7 43. Ra1 Qb6 44. Nc2 Nd5 45. Ne3 Nxe3 46. Rxe3
Qd4 47. Ra3 Qc5 48. Rc3 Qe5 49. Qd1 Qe4 50. Rd3 g6 51. Rd8+ Rxd8 52. Qxd8+ Kh7
53. Ra1 Qb4 54. Qd3 Ra7 55. Qa3 Qa5 56. Qb3 Rb7 57. Rb1 Qb6 58. Qb4 Ra7 59. Rc1
Ra8 60. Qe7 Kg7 61. Rc7 Rf8 62. Qc5 Qb8 63. b6 Qd8 64. b7 Qd1+ 65. Kh2 Rb8 66.
Qe7 h5 67. Qxf7+ Kh6 68. Qf4+ 1-0

[Event "LLucmajor Open 2014"]
[Site "LLucmajor ESP"]
[Date "2014.05.16"]
[Round "7.6"]
[White "Panelo Muñoz, Marcelo A"]
[Black "Arribas Lopez, Angel"]
[Result "1-0"]
[WhiteElo "2438"]
[BlackElo "2485"]
[PlyCount "77"]
[EventDate "2014.05.11"]
[EventType "swiss"]
[EventRounds "9"]
[EventCountry "ESP"]
[Source "lmi"]
[SourceDate "2014.05.11"]

1. d4 e6 2. c4 Nf6 3. Nf3 c5 4. d5 b5 5. Bg5 exd5 6. cxd5 h6 7. Bxf6 Qxf6 8.
Qc2 Be7 9. Nc3 Qb6 10. e4 a6 11. a4 b4 12. a5 Qd8 13. Nd1 d6 14. Ne3 Bf6 15.
Nc4 O-O 16. Bd3 Bg4 17. Nfd2 Qe7 18. O-O Bd4 19. Nb3 Nd7 20. Nxd4 cxd4 21. h3
Bh5 22. Nb6 Nc5 23. Nxa8 Rxa8 24. Qc4 Qg5 25. Rfe1 Re8 26. Bf1 Bf3 27. Qxd4 Nb3
28. Qxb4 Nxa1 29. Rxa1 Qg6 30. Re1 Re5 31. Qc3 Bxe4 32. Qc8+ Kh7 33. Qg4 f5 34.
Qxg6+ Kxg6 35. f3 Bxd5 36. Rxe5 dxe5 37. Bxa6 Kf6 38. Bc8 Ke7 39. Bxf5 1-0

[Event "LLucmajor Open 2014"]
[Site "LLucmajor ESP"]
[Date "2014.05.17"]
[Round "8.1"]
[White "Agdestein, Simen"]
[Black "Fedorchuk, Sergey A"]
[Result "1/2-1/2"]
[WhiteElo "2625"]
[BlackElo "2638"]
[PlyCount "113"]
[EventDate "2014.05.11"]
[EventType "swiss"]
[EventRounds "9"]
[EventCountry "ESP"]
[Source "lmi"]
[SourceDate "2014.05.11"]

1. d4 Nf6 2. c4 e6 3. Nf3 b6 4. g3 Bb4+ 5. Bd2 Bxd2+ 6. Qxd2 Ba6 7. b3 c6 8.
Nc3 d5 9. e4 h6 10. Bd3 dxe4 11. Nxe4 Bb7 12. Qe3 Nxe4 13. Bxe4 Nd7 14. O-O Qe7
15. Ne5 Nxe5 16. dxe5 Rd8 17. c5 Qxc5 18. Qxc5 bxc5 19. Rfc1 Rd4 20. Bf3 c4 21.
Rxc4 Rxc4 22. bxc4 Kd7 23. Rd1+ Kc7 24. Rd6 Rb8 25. c5 a5 26. h4 Ba8 27. Rd4
Rb1+ 28. Kg2 g5 29. hxg5 hxg5 30. Ra4 Rb5 31. Rc4 Rb2 32. a4 Bb7 33. Bh5 Ba6
34. Rg4 Be2 35. Rxg5 Bxh5 36. Rxh5 Kd7 37. Rh8 Re2 38. Ra8 Rxe5 39. Rxa5 Ke7
40. Kf3 f5 41. Ra8 Rxc5 42. a5 Rc3+ 43. Ke2 Ra3 44. a6 Kd6 45. a7 Kc7 46. Re8
Rxa7 47. Re7+ Kb6 48. Rxe6 Rf7 49. Kf3 Kb5 50. Kf4 c5 51. Re8 c4 52. Rc8 Kb4
53. Kg5 c3 54. Kg6 Rd7 55. Kxf5 Rf7+ 56. Ke5 Rxf2 57. g4 1/2-1/2

[Event "LLucmajor Open 2014"]
[Site "LLucmajor ESP"]
[Date "2014.05.17"]
[Round "8.3"]
[White "Sumets, Andrey"]
[Black "Panelo Muñoz, Marcelo A"]
[Result "1/2-1/2"]
[WhiteElo "2633"]
[BlackElo "2438"]
[PlyCount "89"]
[EventDate "2014.05.11"]
[EventType "swiss"]
[EventRounds "9"]
[EventCountry "ESP"]
[Source "lmi"]
[SourceDate "2014.05.11"]

1. d4 Nf6 2. c4 e6 3. Nf3 d5 4. g3 Be7 5. Bg2 O-O 6. O-O dxc4 7. Qa4 a6 8. Qxc4
b5 9. Qc2 Bb7 10. Bd2 Be4 11. Qc1 Bd6 12. Bg5 Bb7 13. Nbd2 Nbd7 14. Nb3 h6 15.
Bxf6 Qxf6 16. Na5 Bd5 17. Qc2 Qf5 18. Qxf5 exf5 19. Nh4 Bxg2 20. Kxg2 g6 21.
Nc6 Rfe8 22. e3 Nb6 23. Rfc1 a5 24. Nf3 f6 25. Nd2 g5 26. Kf3 Kf7 27. Nb1 Ke6
28. Nc3 b4 29. Nb5 Nd5 30. a3 bxa3 31. Nxa3 Ra6 32. Rc2 Kd7 33. Rac1 Rea8 34.
h3 Rb6 35. g4 Raa6 36. Nxa5 fxg4+ 37. hxg4 Rxa5 38. Nc4 Rab5 39. Nxb6+ Rxb6 40.
Ke4 Ke6 41. Rh1 Bf8 42. Ra1 Bd6 43. Rh1 Bf8 44. Ra1 Bd6 45. Rh1 1/2-1/2

[Event "LLucmajor Open 2014"]
[Site "LLucmajor ESP"]
[Date "2014.05.17"]
[Round "8.4"]
[White "Kohlweyer, Bernd"]
[Black "Delchev, Aleksander"]
[Result "0-1"]
[WhiteElo "2422"]
[BlackElo "2628"]
[PlyCount "108"]
[EventDate "2014.05.11"]
[EventType "swiss"]
[EventRounds "9"]
[EventCountry "ESP"]
[Source "lmi"]
[SourceDate "2014.05.11"]

1. d4 d5 2. c4 e6 3. Nf3 c6 4. Qc2 Nf6 5. Bg5 dxc4 6. Qxc4 b5 7. Qc2 Bb7 8. e4
Nbd7 9. a4 h6 10. Bxf6 Qxf6 11. axb5 Bb4+ 12. Nbd2 c5 13. b6 a6 14. Bd3 O-O 15.
e5 Qf4 16. O-O Nxb6 17. Bh7+ Kh8 18. Be4 Bxe4 19. Nxe4 cxd4 20. Qd3 a5 21. Qxd4
Rfd8 22. Qxb6 Qxe4 23. Qc7 Kg8 24. Rac1 Qe2 25. Rc2 Qd3 26. h3 Rd7 27. Qc6 Rad8
28. Rfc1 Qf5 29. Qc4 g5 30. Qe2 Qd3 31. Qxd3 Rxd3 32. Rc8 Rxc8 33. Rxc8+ Kg7
34. Kf1 Rd1+ 35. Ke2 Rb1 36. Rc2 Kg6 37. Kd3 h5 38. Re2 g4 39. hxg4 hxg4 40.
Nd4 Bc5 41. Ke4 Rg1 42. f3 g3 43. Nc2 a4 44. f4 Rf1 45. Ne3 Rf2 46. Rxf2 gxf2
47. Nf1 Kh5 48. f5 Kg4 49. fxe6 fxe6 50. Kd3 Kf4 51. Kc4 Bf8 52. Kb5 Ke4 53.
Kxa4 Kd3 54. Kb5 Bg7 0-1

[Event "LLucmajor Open 2014"]
[Site "LLucmajor ESP"]
[Date "2014.05.17"]
[Round "8.5"]
[White "Anton Guijarro, David"]
[Black "Movsziszian, Karen"]
[Result "1-0"]
[WhiteElo "2626"]
[BlackElo "2503"]
[PlyCount "61"]
[EventDate "2014.05.11"]
[EventType "swiss"]
[EventRounds "9"]
[EventCountry "ESP"]
[Source "lmi"]
[SourceDate "2014.05.11"]

1. d4 d6 2. e4 Nf6 3. Nc3 g6 4. Be3 a6 5. f3 b5 6. Qd2 Nbd7 7. O-O-O Bb7 8. Kb1
Nb6 9. g4 b4 10. Nce2 Nc4 11. Qd3 Nxe3 12. Qxe3 Bg7 13. h4 O-O 14. h5 c5 15.
hxg6 hxg6 16. dxc5 Qc7 17. Nf4 Rfd8 18. Bc4 dxc5 19. Nge2 e6 20. Nxe6 fxe6 21.
Nf4 Rxd1+ 22. Rxd1 Bc8 23. e5 Nh7 24. Nxg6 Nf8 25. Qg5 Bd7 26. f4 Nxg6 27. Qxg6
Re8 28. g5 Qc6 29. a4 Re7 30. Rd6 Qxa4 31. b3 1-0

[Event "LLucmajor Open 2014"]
[Site "LLucmajor ESP"]
[Date "2014.05.17"]
[Round "8.6"]
[White "Solodovnichenko, Yuri"]
[Black "Mascaro March, Pedro"]
[Result "1-0"]
[WhiteElo "2574"]
[BlackElo "2398"]
[PlyCount "91"]
[EventDate "2014.05.11"]
[EventType "swiss"]
[EventRounds "9"]
[EventCountry "ESP"]
[Source "lmi"]
[SourceDate "2014.05.11"]

1. e4 e5 2. Nf3 Nc6 3. Bb5 a6 4. Ba4 g6 5. O-O Bg7 6. c3 d6 7. d4 Bd7 8. Bg5 f6
9. Be3 Nh6 10. dxe5 Nxe5 11. Bb3 Qe7 12. Nxe5 fxe5 13. h3 Nf7 14. c4 O-O 15.
Nc3 c5 16. Ba4 Be6 17. Nd5 Qd8 18. Qd2 Rb8 19. b4 Bxd5 20. Qxd5 b6 21. Rab1 Kh8
22. Rfd1 Qe7 23. Qc6 Rfc8 24. Qd7 Bf6 25. Qxe7 Bxe7 26. Bd7 Rd8 27. Be6 Kg7 28.
Bd5 Rdc8 29. Rd3 b5 30. Rdb3 bxc4 31. Bxc4 Rxb4 32. Bxa6 Rxb3 33. Rxb3 Ra8 34.
Bc4 Ra7 35. Bd5 Bg5 36. Bxg5 Nxg5 37. h4 Nf7 38. g3 Kf8 39. Rf3 Ke8 40. Rxf7
Rxf7 41. Bxf7+ Kxf7 42. a4 Ke6 43. Kf1 h6 44. f4 exf4 45. gxf4 d5 46. a5 1-0

[Event "LLucmajor Open 2014"]
[Site "LLucmajor ESP"]
[Date "2014.05.18"]
[Round "9.2"]
[White "Delchev, Aleksander"]
[Black "Agdestein, Simen"]
[Result "1-0"]
[WhiteElo "2628"]
[BlackElo "2625"]
[PlyCount "105"]
[EventDate "2014.05.11"]
[EventType "swiss"]
[EventRounds "9"]
[EventCountry "ESP"]
[Source "lmi"]
[SourceDate "2014.05.11"]

1. e4 e5 2. Nf3 Nc6 3. Bc4 Bc5 4. c3 Nf6 5. d3 O-O 6. O-O a6 7. Re1 Ba7 8. Bb3
d6 9. h3 Ne7 10. Nbd2 Ng6 11. Nf1 Nh5 12. d4 Nhf4 13. Ng3 Qf6 14. Nh5 Qe7 15.
Bxf4 Nxf4 16. Nxf4 exf4 17. e5 c5 18. Qd3 cxd4 19. exd6 Qxd6 20. Ng5 g6 21.
Bxf7+ Rxf7 22. Qc4 Qc7 23. Re8+ Kg7 24. Rxc8 Qxc4 25. Rxc4 Rd7 26. cxd4 Re8 27.
Kf1 b5 28. Rc6 Bxd4 29. Ne6+ Kf7 30. Re1 Bxb2 31. Rxa6 Bc3 32. Ng5+ Kf8 33.
Rxe8+ Kxe8 34. Ne4 b4 35. Ke2 Ke7 36. h4 Be5 37. Nc5 Rd5 38. Ra7+ Kd8 39. Ne6+
Kc8 40. Kf3 Rd2 41. Ra4 Bd6 42. Ng5 Rd3+ 43. Ke2 Rd5 44. Nxh7 Rh5 45. Ng5 Rxh4
46. Ra6 Be7 47. Nf3 Rh5 48. Rxg6 Ra5 49. Rc6+ Kd7 50. Rc2 Kd6 51. Nd4 Kd5 52.
Nc6 Rc5 53. Nxe7+ 1-0

[Event "LLucmajor Open 2014"]
[Site "LLucmajor ESP"]
[Date "2014.05.18"]
[Round "9.3"]
[White "Solodovnichenko, Yuri"]
[Black "Anton Guijarro, David"]
[Result "1/2-1/2"]
[WhiteElo "2574"]
[BlackElo "2626"]
[PlyCount "30"]
[EventDate "2014.05.11"]
[EventType "swiss"]
[EventRounds "9"]
[EventCountry "ESP"]
[Source "lmi"]
[SourceDate "2014.05.11"]

1. e4 c5 2. Nf3 Nc6 3. d4 cxd4 4. Nxd4 e5 5. Nb5 d6 6. N1c3 a6 7. Na3 b5 8. Nd5
Nf6 9. Bg5 Be7 10. Bxf6 Bxf6 11. c3 O-O 12. Nc2 Bg5 13. a4 bxa4 14. Rxa4 a5 15.
Bc4 Bd7 1/2-1/2

[Event "LLucmajor Open 2014"]
[Site "LLucmajor ESP"]
[Date "2014.05.18"]
[Round "9.4"]
[White "Colovic, Aleksandar"]
[Black "Sumets, Andrey"]
[Result "1/2-1/2"]
[WhiteElo "2479"]
[BlackElo "2633"]
[PlyCount "93"]
[EventDate "2014.05.11"]
[EventType "swiss"]
[EventRounds "9"]
[EventCountry "ESP"]
[Source "lmi"]
[SourceDate "2014.05.11"]

1. d4 Nf6 2. c4 e6 3. Nc3 Bb4 4. Qc2 O-O 5. Nf3 c5 6. dxc5 Na6 7. g3 Nxc5 8.
Bg2 b6 9. O-O Bb7 10. Nb5 Be4 11. Qd1 Nb7 12. a3 Be7 13. Bf4 a6 14. Nc3 Bc6 15.
b4 Rc8 16. Rc1 a5 17. Qb3 axb4 18. axb4 Nd6 19. Bxd6 Bxd6 20. Rfd1 Qe7 21. b5
Bb7 22. Na4 Bc5 23. Ne5 Bxg2 24. Kxg2 Bd6 25. Qe3 Rb8 26. Qd4 Bxe5 27. Qxe5 Qb4
28. Nb2 d5 29. Nd3 Qb3 30. cxd5 Nxd5 31. e4 Nf6 32. f3 Ra8 33. Nf2 Ra2 34. Qd4
Qxb5 35. Rb1 Qe2 36. Re1 Qd2 37. Qxd2 Rxd2 38. Rxb6 g5 39. Rd1 Rxd1 40. Nxd1
Rd8 41. Nf2 Rd2 42. h3 Kg7 43. Rb3 Rc2 44. Rd3 h5 45. h4 gxh4 46. gxh4 Nh7 47.
Kg3 1/2-1/2

[Event "LLucmajor Open 2014"]
[Site "LLucmajor ESP"]
[Date "2014.05.18"]
[Round "9.5"]
[White "Narciso Dublan, Marc"]
[Black "Lalic, Bogdan"]
[Result "1/2-1/2"]
[WhiteElo "2533"]
[BlackElo "2470"]
[PlyCount "76"]
[EventDate "2014.05.11"]
[EventType "swiss"]
[EventRounds "9"]
[EventCountry "ESP"]
[Source "lmi"]
[SourceDate "2014.05.11"]

1. e4 c5 2. Nc3 Nc6 3. g3 g6 4. Bg2 Bg7 5. d3 d6 6. Be3 Nd4 7. Qd2 Qa5 8. f4
Nh6 9. h3 f5 10. Nf3 O-O 11. O-O Bd7 12. Kh2 e6 13. Nxd4 cxd4 14. Ne2 Qxd2 15.
Bxd2 Rac8 16. Rac1 fxe4 17. Bxe4 Bc6 18. g4 e5 19. Bxc6 Rxc6 20. Kg2 Nf7 21.
fxe5 dxe5 22. Ng3 Rfc8 23. c4 dxc3 24. Rxc3 Rxc3 25. Bxc3 Rd8 26. Rf3 Ng5 27.
Re3 Rd5 28. Ne4 Nxe4 29. dxe4 Rd1 30. Rf3 Rd6 31. a4 Bh6 32. Bxe5 Re6 33. Bc3
Rxe4 34. Rd3 Kf7 35. Kf3 Rf4+ 36. Kg3 Re4 37. Kf3 Rf4+ 38. Kg3 Re4 1/2-1/2

[Event "LLucmajor Open 2014"]
[Site "LLucmajor ESP"]
[Date "2014.05.18"]
[Round "9.6"]
[White "Panelo Muñoz, Marcelo A"]
[Black "Pap, Misa"]
[Result "0-1"]
[WhiteElo "2438"]
[BlackElo "2499"]
[PlyCount "64"]
[EventDate "2014.05.11"]
[EventType "swiss"]
[EventRounds "9"]
[EventCountry "ESP"]
[Source "lmi"]
[SourceDate "2014.05.11"]

1. Nf3 f5 2. d3 d6 3. e4 e5 4. Nc3 Nf6 5. d4 exd4 6. Qxd4 fxe4 7. Ng5 d5 8. f3
h6 9. fxe4 hxg5 10. Bxg5 dxe4 11. Qe5+ Qe7 12. Qg3 Qd6 13. Bf4 Qe6 14. Bxc7 Nc6
15. O-O-O Nh5 16. Qe1 Bb4 17. a3 Bxc3 18. Qxc3 Qh6+ 19. Kb1 O-O 20. Bc4+ Kh8
21. h3 Be6 22. g4 Bxc4 23. Qxc4 Nf6 24. Qc5 Qg6 25. g5 Nh5 26. Rd6 Qf5 27. Rd5
Qf3 28. g6 Nf6 29. Rhd1 Rae8 30. Bd6 Nxd5 31. Rxd5 Rf6 32. Rh5+ Kg8 0-1